000 00611nam a2200157 i 4500
001 42258
003 ES-MaACL
005 20230906160558.0
007 t|
008 030313s1903 mx ||||1| spa d
100 1 _aCastillo, Juan.
_936701
245 1 0 _aColección de leyes, decretos, reglamentos, contratos, supremas revoluciones y noticias referentes al crédito público y correspondientes a los años de 1883 a 1903, época del arreglo de la deuda nacional /
_cJuan Castillo.
260 _aMéxico :
_b[s.n.,
_c1903] (
_fImp. "La Europea")
300 _aXXVIII, 500 p. ;
_c27 cm.
852 _aES-MaACL
_jF-744
999 _c42258
_d42258